|
|
|
|
| LEADER |
00000nab a2200000 a 4500 |
| 001 |
vtls000927666 |
| 003 |
SK-MaSNL |
| 005 |
20260303033426.0 |
| 008 |
040720e20020503xo 0 slo |
| 035 |
|
|
|a KE36543
|
| 040 |
|
|
|a KEVKJB
|b slo
|c KEVKJB
|e AACR2
|
| 041 |
0 |
|
|a slo
|
| 044 |
|
|
|a xo
|c SK
|
| 080 |
|
|
|a 669.1
|2 1981
|
| 080 |
|
|
|a 622
|2 1981
|
| 100 |
1 |
|
|a Angelovič, Marián
|4 aut
|9 435108
|
| 245 |
1 |
0 |
|a Želba neprijala ponuku od U.S.Steel Košice
|b J.H.Goodish: Pristúpili sme na ich ceny, na ich objemy, no nie na netransparentný obchod
|
| 610 |
2 |
7 |
|a U. S. Steel (Košice, Slovensko)
|2 KEVKJB
|9 656260
|
| 610 |
2 |
7 |
|a Želba (Spišská Nová Ves, Slovensko)
|2 KEVKJB
|9 31409
|
| 610 |
2 |
7 |
|a Siderit (Nižná Slaná, Slovensko).
|b Odštepný závod Želba
|2 KEVKJB
|9 105514
|
| 650 |
0 |
7 |
|a obchodovanie
|2 KEVKJB
|9 30640
|
| 650 |
0 |
7 |
|a sociálne problémy
|2 KEVKJB
|9 4223
|
| 650 |
0 |
7 |
|a informácie
|2 KEVKJB
|9 1285
|
| 651 |
|
7 |
|a Košice (Slovensko)
|2 KEVKJB
|9 18694
|
| 651 |
|
7 |
|a Spišská Nová Ves (Slovensko)
|2 KEVKJB
|9 28800
|
| 651 |
|
7 |
|a Nižná Slaná (Slovensko)
|2 KEVKJB
|9 29467
|
| 651 |
|
7 |
|a KE,
|2 KEVKJB
|9 877256
|
| 655 |
|
7 |
|a periodikum
|2 snkbucl
|9 29553
|
| 710 |
2 |
|
|a U.S.Steel (Košice, Slovensko)
|4 aut
|9 877338
|
| 710 |
2 |
|
|a Želba (Spišská Nová Ves, Slovensko)
|4 aut
|9 31409
|
| 710 |
2 |
|
|a Siderit (Nižná Slaná, Slovensko).
|b Odštepný závod Želba
|4 aut
|9 105514
|
| 773 |
0 |
8 |
|t Národná obroda
|g Roč. 13
|g Roč. 28, č.102, 3.5.2002, s. 17
|
| 773 |
0 |
8 |
|i Príl.:
|t Koruna. Finančné noviny Národnej obrody
|
| 852 |
|
|
|a ZVYKNI
|b KIS3GCP
|
| 999 |
|
|
|c 1669952
|d 1671882
|